书目信息 |
| 题名: |
后现代主义百科全书
|
|
| 作者: | 泰勒 , 温奎斯特 编 ;章燕 , 李自修 译 | |
| 分册: | 上 | |
| 出版信息: | 长春 吉林人民出版社 2011.01 |
|
| 页数: | 338页 | |
| 开本: | 24cm | |
| 丛书名: | 人文译丛 | |
| 单 册: | ||
| 中图分类: | B089-61 | |
| 科图分类: | ||
| 主题词: | 后现代主义--hou xian dai zhu yi--词典 | |
| 电子资源: | ||
| ISBN: | 978-7-206-07164-5 | |
| 000 | 01326nam 2200325 450 | |
| 001 | 012011037093 | |
| 005 | 20111205115805.42 | |
| 010 | @a978-7-206-07164-5@dCNY42.00 | |
| 100 | @a20111205d2011 em y0chiy0120 ea | |
| 101 | 1 | @achi@ceng |
| 102 | @aCN@b220000 | |
| 105 | @ay a 000yy | |
| 106 | @ar | |
| 200 | 1 | @a后现代主义百科全书@Ahou xian dai zhu yi bai ke quan shu@d= Encyclopedia of postmodernism@h上@f(美) 维克多·泰勒, 查尔斯·温奎斯特编@F(mei)wei ke duo·tai le,cha er si·wen kui si te bian@g章燕, 李自修等译@Gzhang yan,li zi xiu deng yi@zeng |
| 205 | @a第2版 | |
| 210 | @a长春@c吉林人民出版社@d2011.01 | |
| 215 | @a338页@d24cm | |
| 225 | 2 | @a人文译丛@Aren wen yi cong |
| 320 | @a有书目 | |
| 330 | @a本书围绕“后现代主义”这一中心概念,从不同视角界定这一概念在艺术、文学、哲学、历史、宗教等领域的演化踪迹,全书采集了与后现代主义这一当代文化现象相关的300个辞条。本书是上册。 | |
| 410 | 0 | @12001 @a人文译丛 |
| 500 | 10 | @aEncyclopedia of postmodernism@mChinese |
| 606 | 0 | @a后现代主义@Ahou xian dai zhu yi@j词典 |
| 690 | @aB089-61@v4 | |
| 701 | 1 | @a泰勒@Atai le@g(Taylor, Victor E.)@4编 |
| 701 | 1 | @a温奎斯特@Awen kui si te@g(Winquist, Charles E.)@4编 |
| 702 | 0 | @a章燕@Azhang yan@4译 |
| 702 | 0 | @a李自修@Ali zi xiu@4译 |
| 801 | 0 | @aCN@bQSSK@c20111205 |
| 905 | @b795558@dB089-61@eT082:1@f1 | |
| 后现代主义百科全书= Encyclopedia of postmodernism.上/(美) 维克多·泰勒, 查尔斯·温奎斯特编/章燕, 李自修等译.-第2版.-长春:吉林人民出版社,2011.01 |
| 338页;24cm.-(人文译丛) |
| ISBN 978-7-206-07164-5:CNY42.00 |
| 本书围绕“后现代主义”这一中心概念,从不同视角界定这一概念在艺术、文学、哲学、历史、宗教等领域的演化踪迹,全书采集了与后现代主义这一当代文化现象相关的300个辞条。本书是上册。 |
| ● |
| 相关链接 |
|
|
|
正题名:后现代主义百科全书
索取号:B089-61/T082:1
 
预约/预借
| 序号 | 登录号 | 条形码 | 馆藏地/架位号 | 状态 | 备注 |
| 1 | 795558 | 207955587 | 社科库509/509社科库 8排1列3层/ [索取号:B089-61/T082:1] | 在馆 |